000 00548nam a22002057a 4500
003 BPGM
005 20260630195549.0
008 260630b1996 mx ||||| |||| 00| 0 spa d
040 _aBPGM
_bspa
041 _aspa
_hspa
082 _a972.452 /
_bR36
_21996
100 _aRAMIREZ MONTES, MINA
245 _aQUERETARO EN 1864
300 _a38 páginas
_c21 cm x 13.7 cm
336 _2rdacontent
_atexto
_btxt
337 _2rdamedia
_asin mediación
_bn
338 _2rdacarrier
_avolumen
_bnc
490 0 _aARCHIVO QUERETANO
942 _2ddc
_cCOLQ
999 _c68720
_d68720